AIDS : parliamone insieme /

Uloženo v:
Podrobná bibliografie
Korporace: Università degli studi di Bari Aldo Moro (Autor), Puglia. Assessorato alla sanità (Autor)
Další autoři: Polizzi, Rosario A., Barbuti, Salvatore, Ciavarella, Nicola, Dammacco, Franco, Fumarola, Donato, Pastore, Giuseppe, Prusciano, Francesco, Santamaria, Alberto, Scarano, Nicola, Schilardi, Oronzo, Simonetti, Nicola, Sorrentino, Antonio, Tomasicchio, Angela, Mengano, Angela, Rosato, Antonio, Barnaba, Pierluigi
Médium: Kniha
Jazyk:italština
Vydáno: Bari : Dedalo, [1987?]
Tagy: Přidat tag
Žádné tagy, Buďte první, kdo vytvoří štítek k tomuto záznamu!

MARC

LEADER 00000nam a22000007i 4500
001 IT\ICCU\BA1\0117183
003 ItRI
005 20250914125955.0
008 170427s1987 it |||||| ||||| |||||c
040 |b ita  |c ct 
041 7 |a ita  |2 ISO-639-2 
245 0 0 |a AIDS :  |b parliamone insieme /  |c Assessorato alla sanità Regione Puglia, Università degli studi di Bari 
246 1 3 |a Acquired immuno deficiency syndrome : parliamone insieme 
260 |a Bari :  |b Dedalo,  |c  [1987?] 
300 |a 32 p. :  |b ill. ;  |c 22 cm 
500 |a Data dedotta dalla pubblicazione 
700 |a Polizzi, Rosario A. 
700 |a Barbuti, Salvatore 
700 |a Ciavarella, Nicola 
700 |a Dammacco, Franco 
700 |a Fumarola, Donato 
700 |a Pastore, Giuseppe 
700 |a Prusciano, Francesco 
700 |a Santamaria, Alberto 
700 |a Scarano, Nicola 
700 |a Schilardi, Oronzo 
700 |a Simonetti, Nicola 
700 |a Sorrentino, Antonio 
700 |a Tomasicchio, Angela 
700 |a Mengano, Angela 
700 |a Rosato, Antonio 
700 |a Barnaba, Pierluigi 
710 2 |a Università degli studi di Bari Aldo Moro  |0 IT\ICCU\CFIV\031841  |4 aut 
710 1 |a Puglia.  |b Assessorato alla sanità  |0 IT\ICCU\CFIV\082837  |4 aut 
942 |2 ddc  |c BK  |n 0 
952 |0 0  |1 0  |2 ddc  |4 0  |7 0  |9 5969  |a MI  |b MI  |d 2006-05-16  |i 615  |l 0  |p CDOM615  |r 2025-07-13 16:28:00  |w 2025-07-13  |x DONO  |y BK 
981 1 |6 z01  |a i   |b xxxe  
982 1 |6 z01  |a n 
999 |c 4768  |d 4768